Statistiques concernant 5 plus gros transferts (arrivées) par club #1

Cliquez ici pour prendre le quiz!

Statistiques générales

  • Ce quiz a été pris 123 fois
  • Le résultat moyen est 20 sur 25

Statistiques - réponses

Club vendeurClub acheteurSaisonPrixJoueur% Correct
Aston VillaManchester City
21/22
117 500 000 €Grealish
99%
VfL WolfsburgManchester City15/1676 000 000 €De Bruyne
96%
Benfica LisbonneManchester City20/2171 600 000 €Dias
92%
Inter MilanChelsea FC21/22113 000 000 €Lukaku
90%
FC EvertonManchester United17/1884 700 000 €Lukaku
90%
LOSC LilleArsenal FC19/2080 000 000 €Pepe
87%
Leicester CityManchester City18/1967 800 000 €Mahrez
85%
Benfica LisbonneChelsea FC22/23121 000 000 €Fernandez
84%
Olympique LyonnaisArsenal FC17/1853 000 000 €Lacazette
84%
Atletico MadridManchester City19/2070 000 000 €Rodri
83%
Bayer LeverkusenChelsea FC20/2180 000 000 €Havertz
82%
Juventus TurinManchester United16/17105 000 000 €Pogba
82%
FC SouthamptonFC Liverpool17/1884 650 000 €Van Dijk
79%
Ajax AmsterdamManchester United22/2395 000 000 €Antony
78%
Leicester CityManchester United19/2087 000 000 €Maguire
78%
Benfica LisbonneFC Liverpool22/2380 000 000 €Nunez
78%
Manchester CityArsenal FC22/2352 200 000 €Jesus
77%
Borussia DortmundManchester United21/2285 000 000 €Sancho
77%
Borussia DortmundArsenal FC17/1863 750 000 €Aubameyang
70%
FC PortoFC Liverpool21/2247 000 000 €Diaz
70%
AS RomeFC Liverpool18/1962 500 000 €Alisson
67%
Leicester CityChelsea FC22/2380 400 000 €Fofana
64%
Athletic BilbaoChelsea FC18/1980 000 000 €Arrizabalaga
62%
RB LeipzigFC Liverpool18/1960 000 000 €Keita
60%
Brighton & Hove AlbionArsenal FC21/2258 500 000 €White
55%

Distribution des résultats

Percentile par nombre de réponses

% des personnes avec chaque résultat

Votre développement - résultats

Vous n’avez pas pris ce quiz